A tale of too many cities : (Record no. 2004)

MARC details
000 -LEADER
fixed length control field 01480nam a22002897a 4500
001 - CONTROL NUMBER
control field 2004
003 - CONTROL NUMBER IDENTIFIER
control field FISKH
005 - DATE AND TIME OF LATEST TRANSACTION
control field 20250828101132.0
008 - FIXED-LENGTH DATA ELEMENTS--GENERAL INFORMATION
fixed length control field 231025b cb ||||| |||| 00| 0 eng d
020 ## - INTERNATIONAL STANDARD BOOK NUMBER
International Standard Book Number 9781584767220
040 ## - CATALOGING SOURCE
Original cataloging agency FISKH
Language of cataloging eng
Transcribing agency FISKH
Modifying agency FISKH
082 ## - DEWEY DECIMAL CLASSIFICATION NUMBER
Classification number 741.5973
100 ## - MAIN ENTRY--PERSONAL NAME
Personal name Wax, Wendy
245 ## - TITLE STATEMENT
Title A tale of too many cities :
Remainder of title Otis C. mouse, egypt /
260 ## - PUBLICATION, DISTRIBUTION, ETC.
Place of publication, distribution, etc. Washington :
Name of publisher, distributor, etc. Innovative Kids,
Date of publication, distribution, etc. 2008.
300 ## - PHYSICAL DESCRIPTION
Extent 24 unnumbered pages :
Other physical details color illustrations ;
Dimensions 23 cm
490 ## - SERIES STATEMENT
Series statement Phonics Comics
Volume/sequential designation Story 3
505 ## - FORMATTED CONTENTS NOTE
Formatted contents note G<br/>
520 ## - SUMMARY, ETC.
Summary, etc. xhilarating adventures, daring heroes, magic, time travel and much, much more! Each cool 24-page comic book feature three exciting, phonetically decodable stories. Developed and leveled with the help of reading specialists, these 6" x 9" paperbacks are easy to read and hard to put down! Fountas and Pinnell Guided Reading leveled! Otis C. Mouse lives a happy life in New York City-until he accidentally gets whisked away to Egypt. His epic adventure begins with a whirlwind tour of the country's history and culture. Keep your eyes peeled for future adventures as Otis travels the world trying to get home. Where will he end up next? It's a tale of too many cities!
521 8# - TARGET AUDIENCE NOTE
Target audience note 400 <br/>
Source Lexile GN <br/>
521 8# - TARGET AUDIENCE NOTE
Target audience note G<br/>
Source Raz-Plus<br/>
650 ## - SUBJECT ADDED ENTRY--TOPICAL TERM
Topical term or geographic name entry element Mouse
Form subdivision Fiction
General subdivision Comics
650 ## - SUBJECT ADDED ENTRY--TOPICAL TERM
Topical term or geographic name entry element Egypt
Form subdivision Tale
650 ## - SUBJECT ADDED ENTRY--TOPICAL TERM
Topical term or geographic name entry element Many cities
700 ## - ADDED ENTRY--PERSONAL NAME
Personal name Slocum, Bradley
Relator term illustrator
942 ## - ADDED ENTRY ELEMENTS (KOHA)
Source of classification or shelving scheme Dewey Decimal Classification
Koha item type Books
Suppress in OPAC No
Holdings
Withdrawn status Lost status Source of classification or shelving scheme Damaged status Not for loan Collection Home library Current library Shelving location Date acquired Total Checkouts Full call number Barcode Date last seen Price effective from Koha item type Copy number
    Dewey Decimal Classification     Fiction Footprints International School Library Network Toul Kork Campus Footprints International School Library Network Toul Kork Campus A TK Campus, Comic Books (All Reading Levels), B401 Bookcase 1/2, Shelf 3 10/25/2023   WAX 741.5973 PZ7 FISTK01122 10/25/2023 10/25/2023 Books  
    Dewey Decimal Classification     Juvenile Fiction Footprints International School Library Network Toul Tom Poung Campus Footprints International School Library Network Toul Tom Poung Campus TTP Comic Books all Levels 08/28/2025   WAX 741.5973 PZ7 FIS02629 08/28/2025 08/28/2025 Books 2